[Event "WYCC 2018 G18"]
[Site "Halkidiki"]
[Date "2018.10.30"]
[Round "11"]
[White "Represa Perez, Mireya"]
[Black "Nguyen, Hong Ngoc"]
[Result "1-0"]
[WhiteElo "2151"]
[BlackElo "1861"]
[Annotator "NA"]
[PlyCount "83"]
[EventDate "2018.10.20"]
[EventType "swiss"]
[EventCountry "GRE"]
[SourceTitle "playchess.com"]
[Source "ChessBase"]
[SourceQuality "1"]
[TimeControl "40/5400+30:1800+30"]

1. e4 {[%emt 0:00:00]} e6 {[%emt 0:00:00]} 2. d4 {[%emt 0:00:00]} d5 {[%emt 0:00:00]} 3. Nd2 {[%emt 0:00:00]} dxe4 {[%emt 0:00:00]} 4. Nxe4 {[%emt 0:00:00]} Nf6 {[%emt 0:00:07]} 5. Bd3 {[%emt 0:00:27]} Nbd7 {[%emt 0:01:27]} 6. Nf3 {[%emt 0:00:28]} Be7 {[%emt 0:00:44]} 7. Qe2 {[%emt 0:03:49]} c6 {[%emt 0:02:44] C10: French with 3 Nc3: Unusual Black 3rd moves and 3...dxe4} (7... c5 8. Nxc5 Nxc5 9. dxc5 Qa5+ 10. Bd2 Qxc5 11. Ne5 O-O 12. O-O-O Rd8 13. a3 Qc7 14. Bg5 Rd5 15. f4 h6 16. h4 Bd7 17. g4 {½-½ (77) Macieja,B (2529)-Cordova,E (2645) Leon 2017}) 8. O-O {[%emt 0:04:16]} Qc7 {[%emt 0:01:48]} 9. Re1 {[%emt 0:07:26]} h6 {[%emt 0:01:14]} 10. Ng3 {[%emt 0:01:15]} b6 $146 {[%emt 0:01:12]} ({Predecessor:} 10... O-O 11. h3 Re8 12. Be3 Bd6 13. Nf1 Nd5 14. Qd2 Nxe3 15. fxe3 {½-½ (33) Pardinas Riano,E (1838)-Navas Marin,F Madrid 2009}) 11. Nf5 {[%emt 0:08:06]} Bf8 {[%emt 0:00:56]} 12. g3 {[%emt 0:02:52]} Nh5 {[%emt 0:05:55]} 13. d5 {[%emt 0:06:41]} cxd5 {[%emt 0:02:20]} 14. N3d4 {[%emt 0:03:33]} Ndf6 {[%emt 0:01:05]} 15. g4 {[%emt 0:18:26]} Nf4 {[%emt 0:03:08]} 16. Bb5+ {[%emt 0:01:00]} Bd7 {[%emt 0:02:31]} 17. Bxd7+ {[%emt 0:01:23]} Kxd7 {[%emt 0:00:36]} 18. Qb5+ {[%emt 0:05:47]} Kc8 {[%emt 0:00:11]} 19. Qa6+ $1 {[%emt 0:06:03]} Kd7 {[%emt 0:02:44]} 20. Qa4+ {[%emt 0:00:59]} Kc8 {[%emt 0:01:45]} 21. Nb5 {[%emt 0:01:48]} Nh3+ {[%emt 0:00:52]} 22. Kg2 {[%emt 0:01:10]} Qd7 {[%emt 0:00:25]} 23. Qa6+ {[%emt 0:07:15]} Kd8 {[%emt 0:01:27]} 24. Kxh3 {[%emt 0:01:08]} exf5 {[%emt 0:00:21]} 25. Bf4 {[%emt 0:00:12]} Ne4 $18 {[%emt 0:04:29]} (25... Qc8 $11 26. Qa4 fxg4+ 27. Kg2 Qc6) 26. Kg2 {[%emt 0:02:58]} fxg4 {[%emt 0:01:46]} 27. Bc7+ {[%emt 0:02:12]} Ke7 {[%emt 0:00:59]} 28. Qb7 {[%emt 0:02:58]} Re8 {[%emt 0:04:07]} 29. Rad1 {[%emt 0:01:39]} Kf6 {[%emt 0:03:13]} 30. Rxd5 {[%emt 0:00:48]} Qe6 {[%emt 0:01:37]} 31. Re5 {[%emt 0:00:37]} Qd7 {[%emt 0:01:23]} 32. Qxe4 {[%emt 0:01:27]} Rxe5 {[%emt 0:00:50]} 33. Bxe5+ {[%emt 0:00:15]} Kg5 {[%emt 0:00:15]} 34. Nd4 {[%emt 0:04:16]} f5 {[%emt 0:02:25]} 35. Bf4+ {[%emt 0:00:45]} Kg6 {[%emt 0:00:38]} 36. Qe6+ {[%emt 0:00:11]} Qxe6 {[%emt 0:00:08]} 37. Rxe6+ {[%emt 0:00:03]} Kf7 {[%emt 0:00:08]} 38. Rc6 {[%emt 0:00:12]} g6 {[%emt 0:01:00]} 39. Be5 {[%emt 0:00:58]} Rg8 {[%emt 0:00:16]} 40. Rc7+ {[%emt 0:00:00]} Ke8 {[%emt 0:00:00]} 41. Rxa7 {[%emt 0:00:35]} h5 {[%emt 0:00:59]} 42. Ne6 {[%emt 0:02:30]} 1-0

[Event "WYCC 2018 G18"]
[Site "Halkidiki"]
[Date "2018.10.30"]
[Round "11"]
[White "Rozman, Monika"]
[Black "Jie, Tianhui"]
[Result "1/2-1/2"]
[WhiteElo "2141"]
[BlackElo "1849"]
[Annotator "NA"]
[PlyCount "85"]
[EventDate "2018.10.20"]
[EventType "swiss"]
[EventCountry "GRE"]
[SourceTitle "playchess.com"]
[Source "ChessBase"]
[SourceQuality "1"]
[TimeControl "40/5400+30:1800+30"]

1. e4 {[%emt 0:00:00]} e5 {[%emt 0:00:00]} 2. Nf3 {[%emt 0:00:00]} Nc6 {[%emt 0:00:00]} 3. Bc4 {[%emt 0:00:00]} Be7 {[%emt 0:00:00]} 4. d3 {[%emt 0:00:45]} Nf6 {[%emt 0:00:26]} 5. O-O {[%emt 0:00:19]} O-O {[%emt 0:00:30]} 6. Re1 {[%emt 0:00:27]} d6 {[%emt 0:00:36]} 7. c3 {[%emt 0:01:33]} Na5 {[%emt 0:01:40]} 8. Bb5 {[%emt 0:01:57]} a6 {[%emt 0:00:14]} 9. Ba4 {[%emt 0:00:04]} b5 {[%emt 0:00:11]} 10. Bc2 {[%emt 0:00:05]} c5 {[%emt 0:00:44]} 11. Nbd2 {[%emt 0:01:58]} Re8 {[%emt 0:04:12]} 12. Nf1 {[%emt 0:01:00]} Be6 {[%emt 0:04:12]} 13. h3 {[%emt 0:04:20]} h6 {[%emt 0:00:46]} 14. Ng3 {[%emt 0:04:33]} Nc6 {[%emt 0:02:58]} 15. Be3 {[%emt 0:05:43] C90: Closed Ruy Lopez with 7...d6: Early deviations} (15. Nh2 Bf8 16. Qf3 d5 17. Ng4 Nxg4 18. hxg4 d4 19. Nf5 Rc8 20. Bd2 c4 21. Rad1 dxc3 22. bxc3 cxd3 23. Bxd3 {1-0 (37) Vachier Lagrave,M (2789)-Fressinet,L (2662) Riadh 2017}) 15... d5 {[%emt 0:04:30]} 16. d4 {[%emt 0:00:53] [#]} dxe4 $146 {[%emt 0:03:20]} ({Predecessor:} 16... exd4 17. cxd4 dxe4 18. Nxe4 c4 19. Ne5 Nb4 20. Bb1 Nxe4 21. Bxe4 Rc8 22. Qh5 Nd5 {0-1 (66) Abrahamyan,T (2333)-Friedel,J (2547) Saint Louis 2017}) 17. Nxe5 {[%emt 0:04:37]} Qc7 {[%emt 0:04:19]} 18. Nxc6 {[%emt 0:02:22]} Qxc6 {[%emt 0:00:09]} 19. dxc5 {[%emt 0:00:41]} Rad8 {[%emt 0:01:55]} 20. Qb1 {[%emt 0:01:16]} Bxc5 {[%emt 0:02:28]} 21. Nxe4 {[%emt 0:03:00]} Be7 {[%emt 0:01:35]} 22. Nxf6+ {[%emt 0:09:16]} Bxf6 {[%emt 0:00:10]} 23. Bb3 {[%emt 0:00:37]} Bg5 {[%emt 0:11:24]} 24. Bxg5 {[%emt 0:08:55]} hxg5 {[%emt 0:00:11]} 25. Bxe6 {[%emt 0:02:55]} Rxe6 {[%emt 0:00:09]} 26. Qc2 {[%emt 0:07:48]} Rde8 $16 {[%emt 0:05:09]} 27. Qd2 {[%emt 0:04:33]} Qc4 {[%emt 0:03:04]} 28. Rxe6 {[%emt 0:03:54]} Rxe6 {[%emt 0:01:19]} 29. b3 {[%emt 0:11:19]} Qe2 {[%emt 0:03:06]} 30. Rd1 {[%emt 0:00:33]} g4 {[%emt 0:08:34]} 31. Qxe2 {[%emt 0:03:58]} Rxe2 {[%emt 0:00:09]} 32. a4 {[%emt 0:00:41]} Rc2 {[%emt 0:03:52]} 33. Rd3 {[%emt 0:02:27]} gxh3 {[%emt 0:00:25]} 34. axb5 {[%emt 0:01:53]} Rc1+ {[%emt 0:00:48]} 35. Kh2 {[%emt 0:00:10]} hxg2 {[%emt 0:00:08]} 36. Kxg2 {[%emt 0:00:11]} axb5 {[%emt 0:00:06]} 37. Kf3 {[%emt 0:01:22]} Rc2 {[%emt 0:00:59]} 38. Ke3 {[%emt 0:00:19]} Kf8 {[%emt 0:03:27]} 39. f3 {[%emt 0:00:29]} Ke7 {[%emt 0:00:48]} 40. Ke4 {[%emt 0:00:00]} Ke6 {[%emt 0:00:00]} 41. Re3 {[%emt 0:05:41]} Rb2 {[%emt 0:02:17]} 42. Kd4+ {[%emt 0:02:58]} Kd6 {[%emt 0:01:50]} 43. c4 {[%emt 0:01:40]} 1/2-1/2

[Event "WYCC 2018 G18"]
[Site "Halkidiki"]
[Date "2018.10.30"]
[Round "11"]
[White "Egyed, Judit"]
[Black "Sevilla, Julia"]
[Result "1-0"]
[WhiteElo "2089"]
[BlackElo "1947"]
[Annotator "NA"]
[PlyCount "79"]
[EventDate "2018.10.20"]
[EventType "swiss"]
[EventCountry "GRE"]
[SourceTitle "playchess.com"]
[Source "ChessBase"]
[SourceQuality "1"]
[TimeControl "40/5400+30:1800+30"]

1. e4 c5 2. Nf3 d6 3. d4 cxd4 4. Qxd4 Nc6 5. Bb5 Bd7 {LiveBook: 2327 Games} 6. Bxc6 Bxc6 7. Nc3 e5 8. Qd3 h6 9. Nd2 {B53: Sicilian: 2...d6: Lines with Qxd4} Nf6 10. Nc4 Be7 11. Ne3 O-O 12. O-O Rc8 (12... Re8 13. a4 a6 14. a5 b5 15. axb6 Qxb6 16. Ncd5 Nxd5 17. Nxd5 Bxd5 18. Qxd5 {½-½ (18) Zvjaginsev,V (2643)-Navara,D (2708) Rijeka 2010}) 13. Nf5 Rc7 $146 ({Predecessor:} 13... Kh7 14. Rd1 Re8 15. Be3 Qa5 16. Qd2 b6 {0-1 (39) Yandemirov,V (2420)-Mochalov,E (2440) Azov 1991}) 14. Bxh6 gxh6 15. Qg3+ Ng4 16. Qxg4+ Bg5 17. h4 f6 18. Nxh6+ Kh8 19. hxg5 fxg5 20. g3 Rh7 21. Nf5 Qf6 22. f3 d5 23. Kg2 d4 24. Ne2 Bb5 25. Rae1 Rc8 26. Rh1 $18 Rxc2 27. Rxh7+ Kxh7 28. Rh1+ Kg8 29. Rh5 Rxe2+ 30. Kh3 Bd7 31. Rxg5+ Kf8 32. Rg8+ Kf7 33. Rg7+ Ke8 34. Qh5+ Kd8 35. Qh8+ Be8 36. Rd7+ Kxd7 37. Qxf6 b6 38. Qe7+ Kc6 39. Qxe8+ Kc7 40. Qxe5+ 1-0

[Event "WYCC 2018 G18"]
[Site "Halkidiki"]
[Date "2018.10.30"]
[Round "11"]
[White "Janiashvili, Mariami"]
[Black "Tarini Goyal"]
[Result "0-1"]
[WhiteElo "2081"]
[BlackElo "2026"]
[Annotator "NA"]
[PlyCount "150"]
[EventDate "2018.10.20"]
[EventType "swiss"]
[EventCountry "GRE"]
[SourceTitle "playchess.com"]
[Source "ChessBase"]
[SourceQuality "1"]
[TimeControl "40/5400+30:1800+30"]

1. d4 {[%emt 0:00:00]} Nf6 {[%emt 0:00:00]} 2. c4 {[%emt 0:00:00]} e6 {[%emt 0:00:00]} 3. Nf3 {[%emt 0:00:00]} b6 {[%emt 0:01:03]} 4. a3 {[%emt 0:00:00]} Bb7 {[%emt 0:00:06]} 5. Nc3 {[%emt 0:00:15]} d5 {[%emt 0:00:46]} 6. cxd5 {[%emt 0:00:09]} Nxd5 {[%emt 0:00:27]} 7. e3 {[%emt 0:00:20]} g6 {[%emt 0:01:03]} 8. Bd3 {[%emt 0:03:47] E12: Queen's Indian: Unusual White 4th moves, 4 a3, 4 Nc3 Bb7 5 a3 and 4 Nc3 Bb7} (8. h4 Bg7 9. h5 Nd7 10. Bd3 Nxc3 11. bxc3 e5 12. e4 Qe7 13. h6 Bf6 14. O-O O-O 15. Re1 Rfd8 16. Be3 {1-0 (40) Li,C (2720)-Tomashevsky,E (2711) Sharjah 2017 CBM 177 [Stohl,I]}) 8... Bg7 {[%emt 0:00:10]} 9. O-O {[%emt 0:00:12]} O-O {[%emt 0:04:14]} 10. Na4 {[%emt 0:02:38]} Nd7 {[%emt 0:07:48]} 11. Re1 $146 {[%emt 0:06:21]} ({Predecessor:} 11. e4 N5f6 12. Qe2 h6 13. Rd1 c5 14. dxc5 bxc5 15. Bb5 Qc7 {0-1 (50) Jegorovas,A (2235)-Mironov,I (2325) Suwalki 2000}) 11... c5 {[%emt 0:09:31]} 12. e4 {[%emt 0:07:24]} Ne7 {[%emt 0:00:32]} 13. dxc5 {[%emt 0:00:32]} Nxc5 {[%emt 0:00:20]} 14. Nxc5 {[%emt 0:00:14]} bxc5 {[%emt 0:00:06]} 15. Qc2 {[%emt 0:04:16]} Nc6 {[%emt 0:09:13]} 16. Bg5 {[%emt 0:17:47]} Nd4 {[%emt 0:04:08]} 17. Nxd4 {[%emt 0:10:34]} Qxg5 {[%emt 0:01:16]} 18. Nf3 {[%emt 0:01:34]} Qe7 {[%emt 0:01:04]} 19. Rac1 {[%emt 0:00:35]} Rac8 {[%emt 0:03:55]} 20. Qe2 {[%emt 0:08:57]} Rfd8 {[%emt 0:06:46]} 21. Red1 {[%emt 0:02:38]} Rd7 {[%emt 0:08:04]} 22. Bb5 {[%emt 0:07:32]} Rxd1+ {[%emt 0:00:49]} 23. Rxd1 {[%emt 0:00:14]} Rd8 {[%emt 0:01:35]} 24. Rc1 {[%emt 0:05:54]} Qd6 {[%emt 0:07:22]} 25. h3 {[%emt 0:08:50]} Qb6 {[%emt 0:05:33]} 26. Bc4 {[%emt 0:05:54]} Bc6 {[%emt 0:02:18]} 27. b3 {[%emt 0:01:45]} Bh6 {[%emt 0:05:02]} 28. Re1 {[%emt 0:02:39]} Bg7 {[%emt 0:02:52]} 29. Rc1 {[%emt 0:00:23]} Qb7 {[%emt 0:01:31]} 30. Re1 {[%emt 0:00:15]} Bc3 {[%emt 0:06:47]} 31. Rc1 {[%emt 0:00:31]} Bd4 {[%emt 0:02:49]} 32. Re1 {[%emt 0:03:16]} a5 {[%emt 0:00:26]} 33. Qc2 {[%emt 0:00:26]} Qa8 {[%emt 0:01:53]} 34. h4 {[%emt 0:00:18]} a4 {[%emt 0:01:56]} 35. b4 {[%emt 0:00:01]} cxb4 {[%emt 0:00:38]} 36. axb4 {[%emt 0:00:01]} Bg7 {[%emt 0:00:53]} 37. h5 {[%emt 0:00:22]} a3 {[%emt 0:00:28]} 38. hxg6 {[%emt 0:00:18]} hxg6 {[%emt 0:00:06]} 39. Qa2 {[%emt 0:00:16]} Bxe4 {[%emt 0:04:34]} 40. Bxe6 {[%emt 0:00:00]} Bd5 {[%emt 0:00:00]} 41. Bxd5 {[%emt 0:06:26]} Rxd5 {[%emt 0:01:18]} 42. b5 {[%emt 0:05:19]} Rxb5 {[%emt 0:08:56]} 43. Re7 {[%emt 0:00:18]} Qf8 {[%emt 0:06:24]} 44. Qxa3 {[%emt 0:02:01]} Rb1+ {[%emt 0:01:37]} 45. Kh2 {[%emt 0:00:09]} Qb8+ {[%emt 0:01:50]} 46. g3 {[%emt 0:01:15]} Bf8 {[%emt 0:00:57]} 47. Qe3 {[%emt 0:00:44]} Bxe7 {[%emt 0:00:17]} 48. Qxe7 {[%emt 0:00:06]} Qa8 {[%emt 0:05:16]} 49. Qe3 {[%emt 0:01:37]} Ra1 {[%emt 0:00:31]} 50. Qf4 {[%emt 0:00:51]} Rf1 {[%emt 0:01:27]} 51. Kg2 {[%emt 0:00:20]} Ra1 {[%emt 0:00:39]} 52. Kh2 {[%emt 0:00:04]} Ra4 {[%emt 0:01:28]} 53. Qf6 {[%emt 0:00:07]} Ra6 {[%emt 0:00:35]} 54. Qf4 {[%emt 0:00:05]} Ra5 {[%emt 0:03:02]} 55. Ng5 {[%emt 0:05:22]} Rf5 {[%emt 0:00:54]} 56. Qe3 {[%emt 0:00:06]} Qd8 {[%emt 0:02:02]} 57. Nf3 {[%emt 0:03:01]} Qf6 {[%emt 0:00:34]} 58. Kg2 {[%emt 0:00:15]} Qc6 {[%emt 0:00:27]} 59. Qd3 {[%emt 0:00:35]} Rf6 {[%emt 0:01:54]} 60. g4 {[%emt 0:01:00]} (60. Qe3 $142) 60... Qd6 {[%emt 0:00:11]} 61. Qxd6 {[%emt 0:00:13]} Rxd6 {[%emt 0:00:02]} 62. Ne5 {[%emt 0:00:28]} g5 {[%emt 0:00:46]} 63. Kf3 {[%emt 0:00:38]} Rd4 {[%emt 0:00:11]} 64. Kg3 {[%emt 0:00:36]} Kg7 {[%emt 0:00:40]} 65. Nf3 {[%emt 0:00:30]} Rd3 {[%emt 0:00:10]} 66. Kg2 {[%emt 0:00:04]} f6 {[%emt 0:00:16]} 67. Ne1 {[%emt 0:00:09]} Rd1 {[%emt 0:00:06]} 68. Nc2 {[%emt 0:00:05]} Kf7 {[%emt 0:00:12]} 69. Ne3 {[%emt 0:00:05]} Rd4 {[%emt 0:00:05]} 70. Kg3 {[%emt 0:00:35]} Ra4 {[%emt 0:00:08]} 71. Nf5 {[%emt 0:00:35]} Ke6 {[%emt 0:00:10]} 72. Ne3 {[%emt 0:00:33]} Ke5 {[%emt 0:00:28]} 73. Nf5 {[%emt 0:00:31]} Ke4 {[%emt 0:00:28]} 74. Nd6+ {[%emt 0:00:14]} Kd3 {[%emt 0:00:19]} 75. Nf5 $19 {[%emt 0:00:28]} Ke2 {[%emt 0:00:12]} 0-1

[Event "WYCC 2018 G18"]
[Site "Halkidiki"]
[Date "2018.10.30"]
[Round "11"]
[White "Limanovska, Elizabete"]
[Black "Miller, Rachel"]
[Result "1-0"]
[WhiteElo "2072"]
[BlackElo "1859"]
[Annotator "NA"]
[PlyCount "157"]
[EventDate "2018.10.20"]
[EventType "swiss"]
[EventCountry "GRE"]
[SourceTitle "playchess.com"]
[Source "ChessBase"]
[SourceQuality "1"]
[TimeControl "40/5400+30:1800+30"]

1. e4 {[%emt 0:00:00]} e5 {[%emt 0:00:00]} 2. Nf3 {[%emt 0:00:00]} Nc6 {[%emt 0:00:00]} 3. Bb5 {[%emt 0:00:00]} a6 {[%emt 0:00:00]} 4. Ba4 {[%emt 0:00:00]} Nf6 {[%emt 0:00:02]} 5. d3 {[%emt 0:00:00]} d6 {[%emt 0:00:12]} 6. c3 {[%emt 0:00:36]} g6 {[%emt 0:00:25]} 7. O-O {[%emt 0:01:39]} Bg7 {[%emt 0:00:22]} 8. h3 {[%emt 0:03:12]} O-O {[%emt 0:00:14]} 9. Bg5 {[%emt 0:03:05]} b5 {[%emt 0:06:33] C77: Ruy Lopez: 3...a6 4 Ba4 Nf6, unusual lines} 10. Bc2 {[%emt 0:02:02]} h6 {[%emt 0:01:02]} 11. Be3 {[%emt 0:02:07]} d5 {[%emt 0:01:47]} 12. Qe2 $146 {[%emt 0:10:53]} ({Predecessor:} 12. Bc5 Re8 13. a4 Be6 14. axb5 axb5 15. Na3 Nd7 16. b4 Nxc5 17. bxc5 {0-1 (35) Ilic,L (2189)-Schachinger,M (2439) Skopje 2015}) 12... Be6 {[%emt 0:02:47]} 13. Rd1 {[%emt 0:07:49]} Qc8 {[%emt 0:12:34]} 14. Nbd2 {[%emt 0:01:25]} Rd8 {[%emt 0:13:38]} 15. Nb3 {[%emt 0:12:35]} a5 {[%emt 0:18:08]} 16. Nc5 {[%emt 0:05:49]} dxe4 {[%emt 0:00:17]} 17. dxe4 {[%emt 0:00:16]} Bc4 {[%emt 0:00:59]} 18. Qe1 {[%emt 0:00:58]} Nh5 {[%emt 0:05:27]} (18... Rxd1 $16 {keeps fighting.} 19. Qxd1 (19. Rxd1 Bxa2 20. b3 a4 $16) 19... Bf8) 19. Rxd8+ {[%emt 0:04:38]} Nxd8 {[%emt 0:00:25]} 20. b3 {[%emt 0:00:10]} Be6 {[%emt 0:00:49]} 21. Rd1 {[%emt 0:05:29]} Nb7 {[%emt 0:07:16]} 22. Nxe6 {[%emt 0:02:09]} Qxe6 {[%emt 0:00:05]} 23. Bd3 {[%emt 0:10:18]} Nd6 {[%emt 0:02:32]} 24. Qe2 {[%emt 0:02:52]} Nf6 {[%emt 0:05:39]} 25. Bc5 {[%emt 0:02:26]} Nb7 {[%emt 0:02:43]} 26. Be3 {[%emt 0:00:23]} Nd6 {[%emt 0:00:07]} 27. Nd2 {[%emt 0:01:41]} c6 {[%emt 0:02:03]} 28. c4 {[%emt 0:00:58]} a4 {[%emt 0:05:08]} 29. cxb5 {[%emt 0:03:10]} axb3 {[%emt 0:00:13]} 30. axb3 {[%emt 0:00:51]} cxb5 {[%emt 0:00:57]} 31. Bxb5 {[%emt 0:02:12]} Ndxe4 {[%emt 0:01:46]} 32. Nxe4 {[%emt 0:00:06]} Nxe4 {[%emt 0:00:06]} 33. Qd3 {[%emt 0:00:29]} Nf6 {[%emt 0:01:12]} 34. Bc4 {[%emt 0:01:03]} e4 {[%emt 0:01:27]} 35. Qd2 {[%emt 0:02:11]} Qe5 {[%emt 0:00:34]} 36. Bxh6 {[%emt 0:01:45]} Nh5 {[%emt 0:03:28]} 37. Bxg7 {[%emt 0:01:03]} Nxg7 {[%emt 0:00:12]} 38. Qd5 {[%emt 0:02:54]} Qxd5 {[%emt 0:00:06]} 39. Bxd5 {[%emt 0:01:01]} Rb8 {[%emt 0:00:10]} 40. Re1 {[%emt 0:00:00]} Nh5 {[%emt 0:00:00]} 41. Bc4 {[%emt 0:04:37]} Nf6 {[%emt 0:02:01]} 42. g4 {[%emt 0:01:11]} g5 {[%emt 0:00:39]} 43. Ra1 {[%emt 0:01:12]} e3 {[%emt 0:07:41]} 44. fxe3 {[%emt 0:02:21]} Ne4 {[%emt 0:00:06]} 45. Ra5 {[%emt 0:04:17]} Kf8 {[%emt 0:02:18]} 46. Rf5 {[%emt 0:02:31]} f6 {[%emt 0:00:49]} 47. Bd5 {[%emt 0:01:45]} Rb4 {[%emt 0:01:07]} 48. Bxe4 {[%emt 0:02:05]} Rxe4 {[%emt 0:00:05]} 49. Rxf6+ {[%emt 0:04:15]} Ke7 {[%emt 0:02:03]} 50. Rf3 {[%emt 0:01:06]} Rb4 {[%emt 0:00:15]} 51. Kf2 {[%emt 0:03:07]} Rxb3 {[%emt 0:00:17]} 52. Rf5 {[%emt 0:00:09]} Rb2+ {[%emt 0:00:22]} 53. Kg3 {[%emt 0:01:36]} Re2 {[%emt 0:00:29]} 54. Rxg5 {[%emt 0:00:42]} Rxe3+ {[%emt 0:00:07]} 55. Kh4 {[%emt 0:00:04]} Kf6 {[%emt 0:00:23]} 56. Ra5 {[%emt 0:00:14]} Kg6 {[%emt 0:01:32]} 57. Ra4 {[%emt 0:01:09]} Rb3 {[%emt 0:00:42]} 58. Rf4 {[%emt 0:01:56]} Ra3 {[%emt 0:04:00]} 59. g5 {[%emt 0:00:26]} Ra1 {[%emt 0:00:15]} 60. Rf6+ {[%emt 0:00:06]} Kg7 {[%emt 0:00:19]} 61. Kh5 {[%emt 0:00:13]} Ra4 {[%emt 0:03:06]} 62. Rb6 {[%emt 0:00:47]} Ra7 {[%emt 0:02:32]} 63. h4 {[%emt 0:00:11]} Rc7 {[%emt 0:00:09]} 64. Rb5 {[%emt 0:00:43]} Ra7 {[%emt 0:12:50]} 65. g6 {[%emt 0:00:29]} Ra4 {[%emt 0:00:20]} 66. Kg5 {[%emt 0:00:12]} Ra8 {[%emt 0:04:32]} 67. Rb7+ {[%emt 0:00:51]} (67. h5 $18 Ra7 68. h6+ Kf8 69. Rb8+ Ke7 70. h7 Ra5+ 71. Kh6 Kd6 72. h8=Q) 67... Kg8 {[%emt 0:00:08]} 68. Kh6 {[%emt 0:00:07]} Rc8 {[%emt 0:00:33]} 69. h5 {[%emt 0:00:07]} Ra8 {[%emt 0:00:31]} 70. Rb6 {[%emt 0:00:10]} Rf8 {[%emt 0:00:56]} 71. Kg5 {[%emt 0:01:36]} Ra8 {[%emt 0:01:20]} 72. h6 {[%emt 0:05:44]} Ra5+ {[%emt 0:00:24]} 73. Kf6 {[%emt 0:00:09]} Ra8 {[%emt 0:00:14]} 74. h7+ {[%emt 0:01:53]} Kh8 {[%emt 0:00:06]} 75. Kg5 {[%emt 0:00:56]} Kg7 {[%emt 0:00:47]} 76. Rb7+ {[%emt 0:00:16]} Kh8 {[%emt 0:00:04]} 77. Kh6 {[%emt 0:00:09]} Rg8 {[%emt 0:02:10]} 78. hxg8=Q+ {[%emt 0:00:10]} Kxg8 {[%emt 0:00:02]} 79. Rb8# {[%emt 0:00:06]} 1-0

[Event "WYCC 2018 G18"]
[Site "Halkidiki"]
[Date "2018.10.30"]
[Round "11"]
[White "Redondo Benavente, Ana"]
[Black "Manova, Ivana"]
[Result "1-0"]
[WhiteElo "2055"]
[BlackElo "1951"]
[Annotator "NA"]
[PlyCount "75"]
[EventDate "2018.10.20"]
[EventType "swiss"]
[EventCountry "GRE"]
[SourceTitle "playchess.com"]
[Source "ChessBase"]
[SourceQuality "1"]
[TimeControl "40/5400+30:1800+30"]

1. e4 {[%emt 0:00:00]} e5 {[%emt 0:00:00]} 2. Nf3 {[%emt 0:00:00]} Nc6 {[%emt 0:00:00]} 3. d4 {[%emt 0:00:00]} exd4 {[%emt 0:00:13]} 4. Nxd4 {[%emt 0:00:00]} Bc5 {[%emt 0:00:26]} 5. Nb3 {[%emt 0:00:07]} Bb6 {[%emt 0:00:36]} 6. Nc3 {[%emt 0:00:10]} d6 {[%emt 0:08:35]} 7. Qe2 {[%emt 0:00:16]} Nge7 {[%emt 0:00:57] C45: Scotch Game} (7... a5 8. a4 Nb4 9. Bf4 Qf6 10. Qd2 Ne7 11. O-O-O Ng6 12. Be3 Bxe3 13. Qxe3 O-O 14. g3 Bg4 15. Be2 Bxe2 16. Qxe2 {½-½ (41) Sethuraman,S (2657)-Melkumyan,H (2662) Yerevan 2018}) 8. Be3 {[%emt 0:00:33]} O-O {[%emt 0:00:55]} 9. O-O-O {[%emt 0:00:16]} f5 {[%emt 0:01:32]} 10. f4 {[%emt 0:01:20]} Qe8 {[%emt 0:09:20]} 11. g3 {[%emt 0:03:07]} Qg6 $146 {[%emt 0:08:38]} ({Predecessor:} 11... fxe4 $11 {keeps the balance.} 12. Bxb6 axb6 13. Qxe4 Bf5 14. Qc4+ d5 15. Qb5 {0-1 (56) Sasson,M (2089)-Villca,J (2297) Caba 2018}) 12. Bxb6 {[%emt 0:08:44]} axb6 {[%emt 0:00:41]} 13. Bg2 {[%emt 0:01:48]} Kh8 {[%emt 0:05:29]} 14. Kb1 {[%emt 0:02:42]} fxe4 {[%emt 0:10:22]} 15. Bxe4 {[%emt 0:00:43]} Bf5 {[%emt 0:02:16]} 16. Bxf5 {[%emt 0:04:02]} Rxf5 {[%emt 0:20:50]} 17. Rhf1 {[%emt 0:07:21]} Qf7 {[%emt 0:03:47]} 18. Qd2 {[%emt 0:10:36]} Na5 {[%emt 0:05:03]} 19. Nc1 {[%emt 0:21:15]} Nc4 {[%emt 0:01:28]} 20. Qe2 {[%emt 0:01:45]} Nc6 {[%emt 0:04:21]} 21. Rfe1 {[%emt 0:01:02]} b5 {[%emt 0:08:04]} 22. Qe6 {[%emt 0:01:07]} b4 {[%emt 0:05:26]} 23. Nd5 {[%emt 0:03:11]} Qxe6 {[%emt 0:01:25]} 24. Rxe6 {[%emt 0:00:01]} Rf7 {[%emt 0:00:14]} 25. Nb3 {[%emt 0:01:12]} Kg8 {[%emt 0:00:51]} 26. Re4 {[%emt 0:00:59]} b5 {[%emt 0:00:53]} 27. Nd2 {[%emt 0:01:12]} N6a5 {[%emt 0:00:35]} 28. Nxb4 {[%emt 0:01:24]} Nxd2+ {[%emt 0:00:27]} 29. Rxd2 $16 {[%emt 0:00:02]} g5 {[%emt 0:00:27]} 30. b3 {[%emt 0:02:24]} gxf4 {[%emt 0:00:29]} 31. gxf4 {[%emt 0:01:08]} Raf8 {[%emt 0:00:33]} 32. Nd5 {[%emt 0:01:05]} c6 {[%emt 0:00:33]} 33. Ne7+ {[%emt 0:00:05]} Kh8 {[%emt 0:00:07]} 34. Rxd6 {[%emt 0:02:10]} c5 {[%emt 0:00:49]} 35. f5 {[%emt 0:01:36]} c4 {[%emt 0:00:33]} 36. Kb2 {[%emt 0:00:37]} Nb7 {[%emt 0:00:22]} 37. Rc6 {[%emt 0:00:50]} Re8 {[%emt 0:00:36]} 38. Ng6+ {[%emt 0:00:23]} 1-0